000 01186cam a22002891i 4500
003 SA-RiAUC
005 20241107123317.0
008 241030s1997 xxk g b 00000 ara c
020 _a187399222X
040 _aSA-JeALM
_bara
_cSA-RiAUC
_erda
041 1 _aara
_hund
050 4 _bH34. 1997
082 0 4 _a011.31
_qSA-RiAUC
090 _a011.31
_bم خ ط
245 0 2 _aالمخطوطات الإسلامية في العالم /
_cتحرير جيوفري روبر ؛ ترجمة وتحقيق عبد الستار الحلوجي.
264 1 _aلندن :
_bمؤسسة الفرقان للتراث الإسلامي،
_c1997
300 _aمجلدات ؛
_c24 سم.
336 _aنص
_btxt
_2rdacontent
_3كتاب
337 _aبدون وسيط
_bn
_2rdamedia
338 _aمجلد
_bnc
_2rdacarrier
490 0 _aمؤسسة الفرقان للتراث الإسلامي ؛
_v22
650 7 _aالمخطوطات العربية
_vببليوجرافيات
_2aucsh
700 1 _aروبر، جيوفري
_eمحرر.
700 1 _aالحلوجي، عبد الستار عبد الحق،
_d1938-
_eمترجم.
942 _2ddc
_cBOOK
_n0
949 _aSA-JeALM
_d241030
_umohamedma123
_n1
999 _c2174
_d2174